| 000 | 01056cam a22003015i 4500 | ||
|---|---|---|---|
| 999 |
_c20748 _d20720 |
||
| 001 | 016610536 | ||
| 003 | EG-ScBUE | ||
| 005 | 20201027094342.0 | ||
| 008 | 130925t20142014enk f b f001 0 eng d | ||
| 020 | _a9780708327005 (hardback) | ||
| 040 |
_aUK-WkNB _beng _erda _cUK-WkNB _dEG-ScBUE |
||
| 082 | 0 | 4 |
_a810.71071 _bSUG _222 |
| 100 | 1 |
_aSugars, Cynthia Conchita, _d1963- _eauthor. _938679 |
|
| 245 | 1 | 0 |
_aCanadian gothic : _bliterature, history and the spectre of self-invention / _cCynthia Sugars. |
| 264 | 1 |
_aCardiff : _bUniversity Of Wales Press, _c[2014] |
|
| 264 | 4 | _cc2014 | |
| 300 |
_ax, 291 pages ; _c23 cm. |
||
| 336 |
_atext _btxt _2rdacontent |
||
| 337 |
_aunmediated _bn _2rdamedia |
||
| 338 |
_avolume _bnc _2rdacarrier |
||
| 490 | 0 | _aGothic literary studies | |
| 504 | _aIncludes bibliographical references and index. | ||
| 650 | 0 |
_aGothic revival (Literature) _zCanada. _2BUEsh |
|
| 650 | 7 |
_aCanadian literature _xHistory and criticism. _2BUEsh _937176 |
|
| 651 | _2BUEsh | ||
| 653 |
_bHHUUEENN _cAugust2015 _cNovember2015 |
||
| 942 |
_2ddc _cBB |
||